ბათუმის შოთა რუსთაველის სახელმწიფო უნივერსიტეტის ბიბლიოთეკა

რელიგია და თავისუფლება = Religion und Freiheit : (ბიბ.ჩანაწერი № 58544)

000 -ლიდერი
ფიქსირებული სიგრძის საკონტროლო ველი 01979nam a22002897a 4500
003 - საკონტროლო ნომრის იდენტიფიკატორი
საკონტროლო ველი Ge_BSU
005 - ბოლო ოპერაციის თარიღი და დრო
საკონტროლო ველი 20220601113525.0
008 - ფიქსირებული სიგრძის მონაცემთა ელემენტები - ზოგადი ინფორმაცია
ფიქსირებული სიგრძის საკონტროლო ველი 220601s2017 ge ||||| |||| 00| 0 geo d
020 ## - წიგნის საერთაშორისო სტანდარტული ნომერი
International Standard Book Number 9789941182839
041 ## - ენის კოდი
Language code of text/sound track or separate title geo
080 ## - უნივერსალური ათობითი კლასიფიკაციის ინდექსი
Universal Decimal Classification number 271/279(063) რ-39
245 ## - ცნობა სათაურის შესახებ
Title რელიგია და თავისუფლება = Religion und Freiheit :
Remainder of title კონფერენციის მასალები /
Statement of responsibility, etc ილიას სახელმწ. უნ-ტი, სავლე წერეთლის ფილოსოფიის ინ-ტი ; თამარ ცოფურაშვილი (ედიტორი) ; მთარგმნელები: ეთერ ჩაჩანიძე, თამარ ცოფურაშვილი.
264 ## - წარმოების, გამოცემის, დისტრიბუციის და სხვა ცნობები
გამოცემის, წარმოების, დისტრიბუციის... ადგილი თბილისი :
გამოცემის, წარმოების, დისტრიბუციის... სახელწოდება ილიას სახელმწ. უნ-ტის გამ-ბა,
გამოცემის, წარმოების, დისტრიბუციის... თარიღი 2017.
300 ## - ფიზიკური აღწერა
Extent 368 გვ. ;
Other physical details 20 სმ.
501 ## - შენიშვნა თანმხლებ მასალაზე
With note ტექსტი ქართ. და გერმ. ენებზე.
504 ## - BIBLIOGRAPHY, ETC. NOTE
Bibliography, etc ბიბლიოგრ. ტექსტის შენიშვნებში.
653 ## - INDEX TERM--UNCONTROLLED
Uncontrolled term ქრისტიანული ეკლესიები
653 ## - INDEX TERM--UNCONTROLLED
Uncontrolled term კონფერენციები.
653 ## - INDEX TERM--UNCONTROLLED
Uncontrolled term მართლმადიდებლური ეკლესია
653 ## - INDEX TERM--UNCONTROLLED
Uncontrolled term ეკლესიის რეფორმა
700 ## - ADDED ENTRY--PERSONAL NAME
Personal name შვეტცერი, ირმგარდ
Relator term ავტორი
9 (RLIN) 13926
700 ## - ADDED ENTRY--PERSONAL NAME
Personal name ცოფურაშვილი, თამარ
Relator term ავტორი, რედაქტორი, მთარგმნელი.
9 (RLIN) 11793
700 ## - ADDED ENTRY--PERSONAL NAME
Personal name ჩაჩანიძე, ეთერ
Relator term მთარგმნელი
9 (RLIN) 13927
710 ## - ADDED ENTRY--CORPORATE NAME
Corporate name or jurisdiction name as entry element ილიას სახელმწ. უნივერსიტეტი.
9 (RLIN) 13928
710 ## - ADDED ENTRY--CORPORATE NAME
Corporate name or jurisdiction name as entry element სავლე წერეთლის ფილოსოფიის ინ-ტი.
9 (RLIN) 13929
942 ## - ADDED ENTRY ELEMENTS (KOHA)
Source of classification or shelving scheme
Koha item type წიგნი
ეგზემპლარები
ჩამოწერის სტატუსი დაკარგული ეგზემპლარის სტატუსი კლასიფიკაციის წყარო ან თაროზე გაწყობის სქემა დაზიანების სტატუსი არ გაიცემა მუდმივი მდებარეობა (დაცვის ადგილი) ამჟამინდელი ადგილსამყოფელი თაროზე განთავსების ადგილი შეძენის თარიღი ღირებულება, შესყიდვის ნორმალური ფასი სრული შენახვის შიფრი შტრიხკოდი ბოლო ოპერაციის თარიღი ეგზემპლარის მიმდევრობითი ნომერი (კეტერი?) ფასის ძალაში შესვლის თარიღი ეგზემპლარის სახეობა საჯარო შენიშვნა
          ბათუმის შოთა რუსთაველის სახელმწიფო უნივერსიტეტის მთავარი ბიბლიოთეკა ბათუმის შოთა რუსთაველის სახელმწიფო უნივერსიტეტის მთავარი ბიბლიოთეკა წიგნსაცავი 2022-06-01 12.00 271/279(063) რ-39 62490 2022-06-01 62490 2022-06-01 წიგნი 12 ლ.
          ბათუმის შოთა რუსთაველის სახელმწიფო უნივერსიტეტის მთავარი ბიბლიოთეკა ბათუმის შოთა რუსთაველის სახელმწიფო უნივერსიტეტის მთავარი ბიბლიოთეკა წიგნსაცავი 2022-06-01 12.00 271/279(063) რ-39 62491 2022-06-01 62491 2022-06-01 წიგნი 12 ლ.